Svetová klasika po slovensky, slovenská klasika ináč alebo všetko bude ako nebolo

Bibliographic Details
Main Author: Čavojský, Ladislav, 1932-2014 (Author)
Format: Article
Language:Slovak
PhysicalDescription:Fotogr.
ISSN:0037-699X
Subjects:

MARC

LEADER 00000nab a2200000 a 4500
001 vtls000711451
003 SK-MaSNL
005 20260426081731.0
008 250429c1999 xo 0 slo
015 |a SNBRB2000/01-00839 
035 |a CLN000063618 
035 |a (urnnbn)urn:nbn:sk:snk:ar-a09ccx 
035 |a (uuid)2e593390-9995-4ef2-b6ba-417cc83810e7 
035 |a urn:nbn:sk:snk-ab8dx6 
040 |a SNKBUCL  |b slo  |c SNKBUCL  |e AACR2 
041 0 |a slo 
044 |a xo  |c SK 
080 |a 792.075  |2 1997 
080 |a 929 Scherhaufer, Peter  |2 1997 
100 1 |a Čavojský, Ladislav,  |d 1932-2014  |4 aut  |9 101804 
245 1 0 |a Svetová klasika po slovensky, slovenská klasika ináč alebo všetko bude ako nebolo  |c Ladislav Čavojský 
300 |b Fotogr. 
504 |a Res. angl. 
504 |a Bibliogr. odkazy 
600 1 7 |a Scherhaufer, Peter,  |d 1942-1999  |2 snkbucl  |9 107156 
650 0 7 |a divadelná réžia  |2 snkbucl  |9 3341 
651 7 |a Martin (Slovensko)  |2 snkbucl  |9 16875 
651 7 |a Zvolen (Slovensko)  |2 snkbucl  |9 14595 
655 7 |a články z novín a časopisov  |2 snkbucl  |9 267496 
773 0 |t Slovenské divadlo  |g Roč. 47, č. 4 (1999), s. 258-284  |x 0037-699X 
850 |a Slovenská národná knižnica 
852 |a Slovenská národná knižnica 
954 |a odborná, vedecká literatúra pôvodná (slovenská)  |2 lita 
958 |a article9 
958 |a NB 
958 |a BX 
958 |a OND 
958 |a EUIPO 
992 |a RBX 
999 |c 2850849  |d 2852779